Idaho Falls Regional Airport Destinations (Idaho Falls, ID, USA) - Statistics

General Stats
  • This quiz has been taken 61 times
    32 since last reset
  • The average score is 8 of 11
Answer Stats
Airline Destination % Correct
Allegiant Air/United Express Denver
96%
Alaska Airlines Seattle/Tacoma
92%
American Eagle Chicago (O'Hare)
85%
American Eagle Dallas/Fort Worth
85%
Delta Air Lines/Delta Connection Salt Lake City
81%
Allegiant Air Las Vegas
77%
Allegiant Air Phoenix/Mesa
77%
American Eagle Phoenix (Sky Harbor)
77%
Allegiant Air Portland (OR)
77%
Allegiant Air Orange County
31%
Allegiant Air Oakland
23%
No matching quizzes found
Score Distribution
Percent of People with Each Score
Percentile by Number Answered
Your Score History
You have not taken this quiz since the last reset